Objective type question bank for BCA, AP Fundamental of information technology (Record no. 5479)
[ view plain ]
| 000 -LEADER | |
|---|---|
| fixed length control field | 00464 a2200157 4500 |
| 020 ## - INTERNATIONAL STANDARD BOOK NUMBER | |
| International Standard Book Number | 817515280X |
| 082 ## - DEWEY DECIMAL CLASSIFICATION NUMBER | |
| Classification number | 004 |
| 090 ## - LOCALLY ASSIGNED LC-TYPE CALL NUMBER (OCLC); LOCAL CALL NUMBER (RLIN) | |
| -- | 1531 |
| -- | 1531 |
| 100 ## - MAIN ENTRY--PERSONAL NAME | |
| Personal name | Jaiswal, S. |
| 245 ## - TITLE STATEMENT | |
| Title | Objective type question bank for BCA, AP Fundamental of information technology |
| Statement of responsibility, etc. | S. Jaiswal |
| 260 ## - PUBLICATION, DISTRIBUTION, ETC. | |
| Place of publication, distribution, etc. | New Delhi: |
| Name of publisher, distributor, etc. | Galgotia Publications Pvt. Ltd., |
| Date of publication, distribution, etc. | 1999. |
| 300 ## - PHYSICAL DESCRIPTION | |
| Extent | 396 p. ; |
| Dimensions | 23 cm. |
| 500 ## - GENERAL NOTE | |
| General note | Includes Index |
| 650 ## - SUBJECT ADDED ENTRY--TOPICAL TERM | |
| Topical term or geographic name entry element | Information Technology |
| 942 ## - ADDED ENTRY ELEMENTS (KOHA) | |
| Koha item type | Book |
| Call number prefix | 004 JAI |
| Withdrawn status | Lost status | Damaged status | Not for loan | Collection code | Permanent Location | Current Location | Shelving location | Date acquired | Source of acquisition | Cost, normal purchase price | Full call number | Barcode | Date last seen | Price effective from | Koha item type |
|---|---|---|---|---|---|---|---|---|---|---|---|---|---|---|---|
| NUST Law School (NLS) | NUST Law School (NLS) | First Floor - Computer Science | 11/22/2001 | Progressive International Agencies | 160.00 | 004 JAI | SEECS001484 | 05/29/2019 | 01/05/2017 | Book |
